| 000 | 00783nam a22002177a 4500 | ||
|---|---|---|---|
| 003 | NUST-PNEC | ||
| 005 | 20170116180704.0 | ||
| 008 | 140918b xxu||||| |||| 00| 0 eng d | ||
| 020 | _a0470234636 | ||
| 020 | _a9780470234631 | ||
| 040 | _cPNEC | ||
| 082 | _a620.11 CAL | ||
| 100 |
_9184 _aCallister William D. |
||
| 245 |
_aFundamentals of materials science and engineering / _bAn integrated Approach _cWilliam D. Callister |
||
| 250 | _a3rd ed. | ||
| 260 |
_aHoboken _bJohn Wiley & Sons, Inc. _cc2008. |
||
| 300 |
_axii, 882 p. : _bill. : _c25 cm. |
||
| 500 | _aIncludes Index http://www.amazon.com/FUNDAMENTALS-MATERIALS-SCIENCE-ENGINEERING-International/dp/0470234636/ref=sr_1_1?s=books&ie=UTF8&qid=1411027495&sr=1-1&keywords=9780470234631 | ||
| 650 | _xME | ||
| 942 |
_2ddc _cBK |
||
| 999 |
_c60677 _d60677 |
||